[Event "Sardinia World Open A"]
[Site "Orosei ITA"]
[Date "2026.05.05"]
[Round "3.4"]
[White "Suyarov, Mukhammadzokhid"]
[Black "Martirosyan, Haik M."]
[Result "1/2-1/2"]
[WhiteTitle "IM"]
[BlackTitle "GM"]
[WhiteElo "2534"]
[BlackElo "2636"]
[WhiteFideId "14210495"]
[BlackFideId "13306553"]
[EventDate "2026.05.03"]

1. e4 e5 2. Nf3 Nc6 3. Bb5 Nf6 4. O-O Nxe4 5. Re1 Nd6 6. Nxe5 Be7 7. Bf1 Nxe5 8.
Rxe5 O-O 9. d4 Bf6 10. Re1 Re8 11. Bf4 Rxe1 12. Qxe1 Ne8 13. c3 d5 14. Nd2 Bf5
15. Qe3 c6 16. Re1 Nd6 17. g4 Be6 18. h3 h6 19. b3 Bg5 20. Bxg5 Qxg5 21. f4 Qf6
22. Qe5 Bd7 23. f5 Re8 24. Qxf6 gxf6 25. Rxe8+ Nxe8 26. c4 h5 27. c5 hxg4 28.
hxg4 b5 29. b4 Kg7 30. Kf2 Nc7 31. Kg3 Ne8 32. Nb3 Nc7 33. Kh4 Kh6 34. Na5 a6
35. Nb7 Ne8 36. Nd8 Kg7 37. Kh5 Nc7 38. Bg2 Ne8 39. Bf3 Nc7 40. Nb7 Ne8 41. Kh4
Kh6 42. Kg3 Kg7 43. Na5 Nc7 44. Nb3 Ne8 45. Nc1 Nc7 46. Bd1 Ne8 47. Nd3 Kh6 48.
Nf4 Nc7 49. Kh4 Bc8 50. Bf3 Bd7 51. Bd1 Bc8 52. a4 Bd7 53. a5 Bc8 54. Be2 Bd7 1/2-1/2

[Event "Sardinia World Open A"]
[Site "Orosei ITA"]
[Date "2026.05.05"]
[Round "3.5"]
[White "Prraneeth, Vuppala"]
[Black "Mendonca, Leon Luke"]
[Result "0-1"]
[WhiteTitle "GM"]
[BlackTitle "GM"]
[WhiteElo "2515"]
[BlackElo "2613"]
[WhiteFideId "46622373"]
[BlackFideId "35028561"]
[EventDate "2026.05.03"]

1. e4 e5 2. Nf3 Nc6 3. Bb5 a6 4. Ba4 Nf6 5. Nc3 d6 6. Bxc6+ bxc6 7. d4 exd4 8.
Qxd4 Be7 9. Bf4 O-O 10. O-O Nd7 11. Rad1 Re8 12. h3 Nf8 13. Qc4 Bd7 14. Rfe1 Ng6
15. Bg3 Qb8 16. b3 Qb6 17. Qd3 Qa5 18. Ne2 Bf6 19. a4 Re7 20. Nf4 Ne5 21. Nxe5
Bxe5 22. Bh4 Ree8 23. Ne2 g6 24. f4 Bg7 25. Bf2 c5 26. f5 Bc6 27. Nf4 Re5 28.
fxg6 hxg6 29. Nd5 Rae8 30. Re3 Bxd5 31. exd5 Rxe3 32. Bxe3 c4 33. bxc4 Qxa4 34.
Rf1 a5 35. h4 Qd7 36. Bd4 Qg4 37. Bxg7 Kxg7 38. Qc3+ Re5 39. Re1 f6 40. Rxe5
fxe5 41. Qxa5 Qd4+ 42. Kf1 Qxc4+ 43. Kg1 Qd4+ 44. Kf1 Qd1+ 45. Kf2 Qxc2+ 46. Kg3
Qc5 47. Qa8 Qe3+ 48. Kh2 Qf4+ 49. Kh3 Qf5+ 50. Kh2 Qf6 51. Kh3 e4 52. Qe8 Qf5+
53. g4 Qxd5 54. Qe7+ Qf7 55. Qxe4 c5 56. Kg3 Qb3+ 57. Kg2 Qb2+ 58. Kh3 Qc3+ 59.
Kg2 Qe5 60. Qb7+ Kf6 61. Qd7 Qe6 62. Qd8+ Kf7 63. g5 Qe7 64. Qh8 Qe4+ 65. Kf1
Qf3+ 66. Kg1 Qe3+ 67. Kg2 Qe2+ 68. Kg1 Qe5 69. Qd8 Ke6 70. Qe8+ Kf5 71. Qd7+ Kf4
72. Qh3 Qf5 73. Qh2+ Kg4 74. Qxd6 Kxh4 75. Kh2 Qf2+ 76. Kh1 Qf1+ 77. Kh2 Qh3+
78. Kg1 Qg3+ 0-1

[Event "Sardinia World Open A"]
[Site "Orosei ITA"]
[Date "2026.05.05"]
[Round "3.6"]
[White "Puranik, Abhimanyu"]
[Black "Ilinca, Felix-Antonio"]
[Result "1-0"]
[WhiteTitle "GM"]
[BlackTitle "IM"]
[WhiteElo "2607"]
[BlackElo "2486"]
[WhiteFideId "5061245"]
[BlackFideId "54764998"]
[EventDate "2026.05.03"]

1. d4 Nf6 2. c4 e6 3. Nc3 Bb4 4. a3 Bxc3+ 5. bxc3 c5 6. e3 O-O 7. Bd3 Nc6 8. Ne2
b6 9. e4 Ne8 10. O-O Ba6 11. Nf4 cxd4 12. cxd4 Nxd4 13. Bb2 e5 14. Nd5 Nf6 15.
f4 Nxd5 16. exd5 d6 17. fxe5 dxe5 18. Qh5 f5 19. Rae1 g6 20. Qh6 Qc7 21. h4 Rae8
22. h5 Qf7 23. Re3 f4 24. hxg6 hxg6 25. Rxf4 exf4 26. Bxd4 Qh7 27. Qxh7+ Kxh7
28. Rh3+ Kg8 29. Bxg6 1-0

[Event "Sardinia World Open A"]
[Site "Orosei ITA"]
[Date "2026.05.05"]
[Round "3.7"]
[White "Song, Yuxin"]
[Black "Dardha, Daniel"]
[Result "1/2-1/2"]
[WhiteTitle "IM"]
[BlackTitle "GM"]
[WhiteElo "2462"]
[BlackElo "2602"]
[WhiteFideId "8614300"]
[BlackFideId "240990"]
[EventDate "2026.05.03"]

1. e4 c5 2. Nf3 Nc6 3. Nc3 g6 4. d4 cxd4 5. Nxd4 Bg7 6. Be3 Nf6 7. Nxc6 bxc6 8.
e5 Ng8 9. Bd4 f6 10. f4 fxe5 11. fxe5 Qc7 12. e6 Nf6 13. exd7+ Bxd7 14. Bc4 Qd6
15. Qd2 Bh6 16. Qxh6 Qxd4 17. Bd3 Qe5+ 18. Ne2 Ng4 19. Qf4 Qxf4 20. Nxf4 Rf8 21.
O-O e5 22. Ne2 1/2-1/2

[Event "Sardinia World Open A"]
[Site "Orosei ITA"]
[Date "2026.05.05"]
[Round "3.8"]
[White "Idani, Pouya"]
[Black "Kuru, Atilla"]
[Result "0-1"]
[WhiteTitle "GM"]
[BlackTitle "IM"]
[WhiteElo "2594"]
[BlackElo "2464"]
[WhiteFideId "12510130"]
[BlackFideId "51607948"]
[EventDate "2026.05.03"]

1. e4 d6 2. d4 Nf6 3. Bd3 e5 4. Nf3 exd4 5. Nxd4 g6 6. O-O Bg7 7. Nc3 O-O 8. Bg5
h6 9. Bh4 c6 10. a4 Nbd7 11. Nb3 b6 12. f4 Qc7 13. Be2 Nc5 14. Bf3 Re8 15. Re1
Bb7 16. Nxc5 bxc5 17. Qd2 Kh7 18. Rad1 Re6 19. g4 Rg8 20. Bg3 Ne8 21. e5 dxe5
22. fxe5 Qe7 23. Qd7 Nc7 24. Qxe7 Rxe7 25. Ne4 Ba8 26. Nxc5 Rge8 27. Rd7 Nd5 28.
Rxe7 Rxe7 29. Nd3 Bb7 30. a5 Ba6 31. Nc5 Bc8 32. c3 Kg8 33. h3 h5 34. Kf2 hxg4
35. Bxg4 Bf5 36. Bxf5 gxf5 37. Kf3 Bh6 38. c4 Nb4 39. Rd1 Nc2 40. Rd8+ Kh7 41.
a6 Be3 42. Nd7 Bg5 43. h4 Nd4+ 44. Kg2 Ne6 45. Nf8+ Nxf8 46. Rxf8 Be3 47. Kf3
Bd4 48. Rb8 Kg6 49. Rb7 Re6 50. b4 f6 51. exf6 Re3+ 52. Kg2 Kxf6 53. Rc7 Rxg3+
54. Kh2 f4 55. c5 Kf5 56. Rxc6 Kg4 57. Rg6+ Kf3 58. Rd6 Bg1+ 59. Kh1 Bf2 60.
Rd3+ Be3 61. Kh2 Kg4 0-1

[Event "Sardinia World Open A"]
[Site "Orosei ITA"]
[Date "2026.05.05"]
[Round "3.9"]
[White "Sai, Krishna G V"]
[Black "Jacobson, Brandon"]
[Result "0-1"]
[WhiteTitle "IM"]
[BlackTitle "GM"]
[WhiteElo "2443"]
[BlackElo "2594"]
[WhiteFideId "5028280"]
[BlackFideId "30901561"]
[EventDate "2026.05.03"]

1. e4 c5 2. Nf3 d6 3. d4 cxd4 4. Nxd4 Nf6 5. Nc3 Bd7 6. Bc4 e6 7. Be3 a6 8. f3
Nc6 9. Bb3 Na5 10. g4 Be7 11. f4 g6 12. e5 dxe5 13. fxe5 Nd5 14. Bxd5 Bh4+ 15.
Kf1 exd5 16. b3 Qc8 17. Qd2 Bxg4 18. Nxd5 Nc4 19. Qb4 Bh3+ 20. Ke2 Qg4+ 21. Kd3
Nxe5+ 22. Kc3 Rc8+ 23. Kb2 Nd3+ 24. cxd3 Qg2+ 25. Ka3 Qxd5 26. Nf5 Bxf5 27. Qxh4
O-O 28. Rac1 Qa5+ 29. Qa4 Qxa4+ 30. Kxa4 Bxd3 31. Bh6 Rfe8 32. Rhe1 Bb5+ 33. Kb4
Bc6 34. Kc5 f6 35. h4 Kf7 36. Bf4 Red8 37. Be3 Rd5+ 38. Kb4 Re8 39. Bf2 Rd2 40.
Rxe8 Kxe8 41. Re1+ Kf7 42. Bc5 Rh2 43. Re7+ Kg8 44. Bd4 Rxh4 45. Kc5 Rh5+ 46.
Kc4 Rf5 47. Rc7 g5 48. Be3 h5 49. Rc8+ Kf7 50. Rc7+ Kg6 0-1

[Event "Sardinia World Open A"]
[Site "Orosei ITA"]
[Date "2026.05.05"]
[Round "3.10"]
[White "Lodici, Lorenzo"]
[Black "Muthaiah, AL"]
[Result "1/2-1/2"]
[WhiteTitle "GM"]
[BlackTitle "IM"]
[WhiteElo "2590"]
[BlackElo "2448"]
[WhiteFideId "884189"]
[BlackFideId "5092442"]
[EventDate "2026.05.03"]

1. e4 e5 2. Nf3 Nf6 3. d4 Nxe4 4. Bd3 Nc6 5. O-O d5 6. dxe5 Be7 7. Nc3 Nxc3 8.
bxc3 Bg4 9. Re1 Qd7 10. Rb1 Rb8 11. h3 Bh5 12. g4 Bg6 13. Nd4 Nxd4 14. cxd4 O-O
15. f4 Bxd3 16. Qxd3 f5 17. e6 Qa4 18. Bd2 a6 19. gxf5 b5 20. Kh1 Qc4 21. Qxc4
dxc4 22. Re5 Rbd8 23. Bc3 c6 24. a4 g6 25. axb5 axb5 26. d5 cxd5 27. Rxb5 d4 28.
Ba5 d3 29. cxd3 Rxd3 30. Rb7 Bf6 31. Rc5 Rxh3+ 32. Kg2 Rb3 33. Rd7 c3 34. Bc7
gxf5 35. Be5 Bxe5 36. fxe5 Re8 37. Rcc7 c2 38. Rg7+ Kh8 39. Rxh7+ Kg8 40. Rcg7+
Kf8 41. Rc7 Kg8 42. Rhg7+ Kh8 43. Rgd7 Rb6 44. e7 Re6 45. Kf3 R6xe7 46. Rxe7
Rxe7 47. Rc8+ Kg7 48. Kf4 Kf7 49. Rxc2 Ra7 50. Rc6 Ra1 51. Rh6 Rf1+ 52. Kg5 Ke7
53. Rb6 Rg1+ 1/2-1/2

[Event "Sardinia World Open A"]
[Site "Orosei ITA"]
[Date "2026.05.05"]
[Round "3.11"]
[White "Averin, Nikolay"]
[Black "Fier, Alexandr"]
[Result "1-0"]
[WhiteTitle "IM"]
[BlackTitle "GM"]
[WhiteElo "2416"]
[BlackElo "2578"]
[WhiteFideId "24250473"]
[BlackFideId "2107139"]
[EventDate "2026.05.03"]

1. e4 e5 2. Nf3 Nc6 3. Bb5 a6 4. Ba4 Nge7 5. O-O g6 6. c3 Bg7 7. d4 exd4 8. cxd4
b5 9. Bb3 O-O 10. Nc3 d6 11. h3 Na5 12. Bc2 c5 13. Re1 h6 14. d5 Nc4 15. Bd3 Nb6
16. Ne2 Ra7 17. Nf4 Rc7 18. Rb1 c4 19. Bc2 Bb7 20. Be3 Nd7 21. Bd4 Nc8 22. Bxg7
Kxg7 23. Nd4 Re8 24. Re3 Ne5 25. Qd2 Kh7 26. Nfe2 Nb6 27. Ng3 Qf6 28. Qa5 Na8
29. Qc3 Rce7 30. Rf1 Nb6 31. a3 Nd3 32. Rf3 Qe5 33. b4 Rc8 34. Bxd3 cxd3 35.
Qxd3 Rec7 36. Rd1 Na4 37. Qd2 Qg5 38. Nge2 Re8 39. Rf4 Qe5 40. Rh4 Qg7 41. Ng3
Bc8 42. Re1 Rc4 43. Nf3 Nc3 44. e5 Rxh4 45. Nxh4 Na4 46. exd6 Qb2 47. Qc1 Rxe1+
48. Qxe1 Nb6 49. Qe7 Qc1+ 50. Kh2 Qf4 51. Nf3 Nxd5 52. Qe8 Nb6 53. Qd8 h5 54.
Qxb6 h4 55. Qc5 hxg3+ 56. fxg3 Qc4 57. Ne5 1-0

[Event "Sardinia World Open A"]
[Site "Orosei ITA"]
[Date "2026.05.05"]
[Round "3.12"]
[White "Amar, Elham"]
[Black "Bai, Adelard"]
[Result "1/2-1/2"]
[WhiteTitle "GM"]
[BlackTitle "IM"]
[WhiteElo "2576"]
[BlackElo "2436"]
[WhiteFideId "1533533"]
[BlackFideId "16301188"]
[EventDate "2026.05.03"]

1. c4 Nf6 2. Nc3 c5 3. e3 e6 4. d4 d5 5. Nf3 a6 6. cxd5 exd5 7. Be2 Nc6 8. O-O
cxd4 9. Nxd4 Bd6 10. Nf3 O-O 11. b3 Re8 12. Bb2 Bg4 13. Nd4 Bd7 14. Rc1 Nxd4 15.
Qxd4 Be5 16. Qd2 Bc6 17. Rfd1 Qc7 18. f4 Bd6 19. Na4 Qe7 20. Bf3 Qxe3+ 21. Qxe3
Rxe3 22. Nb6 Rae8 23. Bxf6 gxf6 24. Bxd5 Bxf4 25. Bxc6 bxc6 26. Rxc6 Re2 27. Nd5
Bg5 28. Rxa6 Rc8 29. Nxf6+ Bxf6 30. Rxf6 Rcc2 31. Kh1 Rxg2 32. Rg1 Rxg1+ 33.
Kxg1 Rxa2 34. Rf2 Ra1+ 35. Rf1 Ra2 36. Rb1 Kf8 37. b4 Ke7 38. b5 Kd8 39. b6 Kc8
40. Rf1 Rb2 41. Rf6 h5 42. Rh6 h4 43. h3 Rb3 44. Kg2 Rg3+ 45. Kh2 Rb3 46. Rxh4
Rxb6 47. Rd4 Rb7 48. h4 Rd7 49. Re4 Kd8 50. h5 Re7 51. Rh4 Re8 52. h6 Rg8 53.
Kh3 Ke7 54. Ra4 Rg1 55. Ra6 Kf8 56. Ra8+ Ke7 57. Kh4 Rh1+ 58. Kg5 Rg1+ 59. Kf4
Rf1+ 60. Kg3 Rh1 61. Ra6 Kf8 62. Ra8+ Ke7 63. Rh8 Kf6 64. Kg4 Rg1+ 65. Kf4 Rf1+
66. Kg3 Rh1 67. Kg4 Rg1+ 68. Kf4 Rf1+ 69. Ke4 Rh1 70. Kd5 Kg6 71. Rg8+ Kh7 72.
Rg7+ Kxh6 73. Rxf7 Re1 1/2-1/2

[Event "Sardinia World Open A"]
[Site "Orosei ITA"]
[Date "2026.05.05"]
[Round "3.13"]
[White "Maghsoodloo, Parham"]
[Black "Caprio, Guido"]
[Result "1-0"]
[WhiteTitle "GM"]
[BlackTitle "IM"]
[WhiteElo "2710"]
[BlackElo "2430"]
[WhiteFideId "12539929"]
[BlackFideId "834580"]
[EventDate "2026.05.03"]

1. e4 c5 2. Nc3 Nc6 3. Bb5 Nd4 4. Nf3 Nxb5 5. Nxb5 g6 6. d4 Qa5+ 7. Nc3 Bg7 8.
e5 cxd4 9. Qxd4 d6 10. Qd5 Qa6 11. Nb5 Be6 12. Nc7+ Kd7 13. Qxe6+ fxe6 14. Nxa6
bxa6 15. b3 Rc8 16. c4 d5 17. Be3 dxc4 18. Rd1+ Ke8 19. Rc1 Nh6 20. Rxc4 Rxc4
21. bxc4 Nf7 22. Ke2 Kd7 23. Rb1 Kc7 24. Bxa7 1-0

[Event "Sardinia World Open A"]
[Site "Orosei ITA"]
[Date "2026.05.05"]
[Round "3.14"]
[White "Svane, Frederik"]
[Black "Vagman, Roy"]
[Result "1-0"]
[WhiteTitle "GM"]
[BlackTitle "IM"]
[WhiteElo "2645"]
[BlackElo "2366"]
[WhiteFideId "12923044"]
[BlackFideId "2828995"]
[EventDate "2026.05.03"]

1. d4 Nf6 2. c4 e6 3. Nf3 d5 4. Nc3 Nbd7 5. cxd5 exd5 6. Qc2 Bb4 7. Bf4 Ne4 8.
e3 g5 9. Be5 Rg8 10. h3 Nxe5 11. Nxe5 Qe7 12. Bb5+ Kf8 13. Bd3 f6 14. Bxe4 dxe4
15. Nc4 Be6 16. a3 Bxc3+ 17. Qxc3 Bd5 18. Nd2 Kg7 19. h4 h6 20. Nf1 f5 21. Ng3
Qf7 22. O-O-O Rae8 23. hxg5 hxg5 24. Rh5 Kf8 25. Rdh1 Re6 26. Rh7 Rg7 27. Qc5+
Rd6 28. Rh8+ Rg8 29. R1h7 Rxh8 30. Rxf7+ Kxf7 31. Qxc7+ Ke6 32. Kd2 Rhd8 33. Qh7
Rf8 34. Qg7 Rf6 35. Qxg5 Rb6 36. Nh5 Rf7 37. Nf4+ Kd6 38. Qd8+ Rd7 39. Qf8+ 1-0

[Event "Sardinia World Open A"]
[Site "Orosei ITA"]
[Date "2026.05.05"]
[Round "3.15"]
[White "Aditya, Mittal"]
[Black "Van Haastert, Edwin"]
[Result "1/2-1/2"]
[WhiteTitle "GM"]
[BlackTitle "IM"]
[WhiteElo "2619"]
[BlackElo "2369"]
[WhiteFideId "35042025"]
[BlackFideId "1003992"]
[EventDate "2026.05.03"]

1. c4 e5 2. Nc3 Bb4 3. Nf3 Bxc3 4. bxc3 e4 5. Nd4 Nf6 6. g3 O-O 7. Bg2 Re8 8.
O-O d6 9. f3 c5 10. Nc2 exf3 11. Rxf3 Be6 12. d3 Nbd7 13. Bf4 Qc7 14. Qd2 Ng4
15. h3 Nge5 16. Rf2 f6 17. g4 Nb6 18. Ne3 Qd7 19. Kh2 Rad8 20. a4 Nc8 21. Qb2 b6
22. Qb5 Ne7 23. a5 Qc7 24. axb6 axb6 25. Ra6 Rb8 26. Qa4 Kh8 27. d4 Bd7 28. Qa3
Nf7 29. Nd5 Qd8 30. Ra7 Nc6 31. Rc7 cxd4 32. cxd4 Nxd4 33. Qa7 Ra8 34. Qb7 Rb8
35. Qa7 Ra8 36. Qxb6 Ne6 37. Bxd6 Nxc7 38. Bxc7 Qc8 39. Qc5 Re5 1/2-1/2

[Event "Sardinia World Open A"]
[Site "Orosei ITA"]
[Date "2026.05.05"]
[Round "3.16"]
[White "Lalit Babu M R"]
[Black "Jacobson, Aaron"]
[Result "1/2-1/2"]
[WhiteTitle "GM"]
[BlackTitle "IM"]
[WhiteElo "2532"]
[BlackElo "2364"]
[WhiteFideId "5024595"]
[BlackFideId "2089912"]
[EventDate "2026.05.03"]

1. d4 d5 2. c4 e5 3. dxe5 d4 4. Nf3 Nc6 5. a3 Nge7 6. e3 Bg4 7. Be2 Bxf3 8. Bxf3
dxe3 9. Qxd8+ Rxd8 10. Bxe3 Nxe5 11. Bxb7 Nxc4 12. Bxa7 Na5 13. Be4 Nb3 14. Ra2
Nc1 15. Ra1 Nb3 16. Ra2 Nc1 17. Ra1 1/2-1/2

[Event "Sardinia World Open A"]
[Site "Orosei ITA"]
[Date "2026.05.05"]
[Round "3.17"]
[White "Hardaway, Brewington"]
[Black "Adharsh K"]
[Result "1-0"]
[WhiteTitle "GM"]
[BlackTitle "FM"]
[WhiteElo "2510"]
[BlackElo "2312"]
[WhiteFideId "30941849"]
[BlackFideId "25718207"]
[EventDate "2026.05.03"]

1. Nf3 d5 2. g3 Nf6 3. Bg2 e6 4. O-O Be7 5. d3 O-O 6. Nbd2 c5 7. e4 Nc6 8. Re1
b6 9. e5 Nd7 10. Nf1 Re8 11. h4 b5 12. h5 Bb7 13. h6 g6 14. N1h2 b4 15. Ng4 Rc8
16. Bf4 a5 17. c3 Ba6 18. Qd2 a4 19. Rad1 a3 20. c4 dxc4 21. dxc4 Bxc4 22. bxa3
Bd5 23. axb4 cxb4 24. Bg5 Ncxe5 25. Bxe7 Nxf3+ 26. Bxf3 Rxe7 27. Qd4 f5 28. Bxd5
exd5 29. Qxd5+ Kf8 30. Qd4 fxg4 31. Qh8+ Kf7 32. Qxh7+ Kf8 33. Qh8+ 1-0

[Event "Sardinia World Open A"]
[Site "Orosei ITA"]
[Date "2026.05.05"]
[Round "3.18"]
[White "Coicev, Matei-Andrei"]
[Black "Ohanyan, Emin"]
[Result "0-1"]
[WhiteTitle "FM"]
[BlackTitle "GM"]
[WhiteElo "2360"]
[BlackElo "2508"]
[WhiteFideId "1279688"]
[BlackFideId "13312022"]
[EventDate "2026.05.03"]

1. e4 c5 2. Nf3 d6 3. d4 cxd4 4. Nxd4 Nf6 5. Nc3 a6 6. Bg5 e6 7. f4 h6 8. Bh4
Qb6 9. a3 Nc6 10. Bf2 Qc7 11. Qf3 e5 12. Nxc6 bxc6 13. fxe5 Ng4 14. Bd3 Nxe5 15.
Qe2 Bg4 16. Qd2 Be7 17. O-O O-O 18. Be3 a5 19. Qf2 a4 20. Qg3 Qd8 21. h3 Bh4 22.
Qh2 Be6 23. Kh1 Rb8 24. Rab1 Qa5 25. Qf4 Bg5 26. Qg3 Bxe3 27. Qxe3 Rb7 28. Qd4
Rfb8 29. Qxa4 Qc5 30. Ne2 Nc4 31. Nf4 Nd2 32. Nxe6 fxe6 33. e5 Nxf1 34. Rxf1
Qxe5 35. b3 c5 36. Qh4 d5 37. Bg6 Qg5 38. Qxg5 hxg5 39. Re1 Rb6 40. Re5 Rf8 41.
Bd3 Rf4 42. Rxg5 c4 43. bxc4 dxc4 44. Bg6 e5 45. Bh5 e4 46. Be2 c3 47. Rg3 Rb1+
48. Kh2 Re1 49. Bc4+ Kf8 50. Rxc3 e3 51. Bd5 Rd1 52. Rc8+ Ke7 53. Bc4 Kd7 54.
Be6+ Kxe6 55. Re8+ Kf7 56. Rxe3 Rd2 57. c3 Ra2 58. c4 Rxc4 59. Rf3+ Kg8 60. Re3
Ra4 61. Rg3 R4xa3 62. Rg4 Ra6 0-1

[Event "Sardinia World Open A"]
[Site "Orosei ITA"]
[Date "2026.05.05"]
[Round "3.19"]
[White "Velten, Paul"]
[Black "Rychagov, Nikita"]
[Result "1-0"]
[WhiteTitle "GM"]
[BlackTitle "CM"]
[WhiteElo "2487"]
[BlackElo "2304"]
[WhiteFideId "681091"]
[BlackFideId "4508394"]
[EventDate "2026.05.03"]

1. d4 Nf6 2. c4 e6 3. Nf3 d5 4. Nc3 Bb4 5. Bg5 h6 6. Bh4 dxc4 7. a3 Bxc3+ 8.
bxc3 b5 9. a4 c6 10. Qc1 g5 11. Bg3 Ne4 12. Nd2 Nxg3 13. hxg3 f5 14. g4 Kf7 15.
g3 a6 16. Bg2 Ra7 17. e4 Kg7 18. Qb1 Rf8 19. Nxc4 Qc7 20. Ne5 Nd7 21. Nxd7 Bxd7
22. gxf5 exf5 23. e5 f4 24. Qe4 fxg3 25. fxg3 Qa5 26. Qe3 Rb7 27. Rf1 Rxf1+ 28.
Kxf1 bxa4 29. Kg1 Be8 30. c4 Qb4 31. d5 cxd5 32. Bxd5 Qb3 33. Qf2 Rc7 34. Rf1
Qa3 35. Qf6+ Kh7 36. Be4+ Kg8 37. Kg2 Rg7 38. Qe6+ Bf7 39. Qc8+ Qf8 40. Qxf8+
Kxf8 41. e6 Ke7 42. exf7 Rxf7 43. Ra1 Kd6 44. Rxa4 Kc5 45. Rxa6 Kxc4 46. Rxh6
Kd4 47. Re6 g4 48. Bg6 Kd5 1-0

[Event "Sardinia World Open A"]
[Site "Orosei ITA"]
[Date "2026.05.05"]
[Round "3.20"]
[White "Gharibyan, Mamikon"]
[Black "Srinath, Rao S.V."]
[Result "1/2-1/2"]
[WhiteTitle "GM"]
[BlackTitle "IM"]
[WhiteElo "2477"]
[BlackElo "2296"]
[WhiteFideId "13308300"]
[BlackFideId "5028876"]
[EventDate "2026.05.03"]

1. d4 Nf6 2. c4 g6 3. Nc3 Bg7 4. e4 d6 5. Nf3 Bg4 6. Be2 Bxf3 7. Bxf3 e5 8. d5
Nbd7 9. Rb1 a5 10. a3 h5 11. h4 Bh6 12. Bxh6 Rxh6 13. b4 axb4 14. axb4 Kf8 15.
Nb5 Kg7 16. g3 Rh8 17. Kf1 Ra6 18. Kg2 Qb8 19. Qd3 Rd8 20. Rhd1 Ne8 21. Be2 Ra2
22. Bf3 Qa8 23. Qe3 Ndf6 24. c5 Qa6 25. Nc3 Ra3 26. Rdc1 Qc4 27. Qe1 Rb3 28. Nd1
Qd3 29. Rxb3 Qxb3 30. Ne3 Ra8 31. Nc4 Ra2 32. Na5 Qd3 33. Nxb7 Ng4 34. Bxg4 hxg4
35. Rc3 Qb5 36. cxd6 cxd6 37. Nd8 Qxb4 38. Ne6+ Kg8 39. Ng5 Rc2 40. Re3 Qb2 41.
Qf1 Nf6 42. Re1 Kg7 43. Kg1 Nh5 44. Rb1 Qc3 45. Qg2 Qc7 46. Kh2 Qa7 47. Kg1 Ra2
48. Re1 Qb6 49. Rc1 Qa7 50. Re1 Qb6 51. Rc1 Qa7 1/2-1/2

[Event "Sardinia World Open A"]
[Site "Orosei ITA"]
[Date "2026.05.05"]
[Round "3.21"]
[White "Stanford, Maxim Barth"]
[Black "Dronavalli, Harika"]
[Result "1/2-1/2"]
[WhiteTitle "IM"]
[BlackTitle "GM"]
[WhiteElo "2273"]
[BlackElo "2470"]
[WhiteFideId "408280"]
[BlackFideId "5015197"]
[EventDate "2026.05.03"]

1. e4 e5 2. Nf3 Nc6 3. Bb5 a6 4. Ba4 d6 5. O-O Bd7 6. c3 Nf6 7. Qe2 g6 8. d4 Qe7
9. d5 Nb8 10. Bc2 Bg7 11. c4 O-O 12. Nc3 a5 13. Ne1 Na6 14. Nd3 Nh5 15. g4 Nf6
16. f3 Nb4 17. Bb1 Kh8 18. Bg5 c5 19. Nf2 h6 20. Bh4 Na6 21. Nfd1 Qe8 22. Ne3
Nc7 23. Bd3 Ng8 24. Kh1 Bf6 25. Bg3 Qe7 26. Ng2 a4 27. Rab1 Bg7 28. b4 axb3 29.
Rxb3 Bc8 30. Nb5 Nxb5 31. Rxb5 Ra3 32. Rb3 Rxb3 33. axb3 Nf6 34. Bh4 Qc7 35. Ra1
Nd7 36. Qa2 Qb6 37. Bc2 Bf6 38. Be1 Qd8 39. Qb1 Bg7 40. Ra8 Qf6 41. Qd1 Qe7 42.
Qd2 Nb6 43. Ra7 Nd7 44. Bh4 Qe8 45. Qa5 Bf6 46. Bf2 Bd8 47. Qc3 Kh7 48. Ra8 Nb6
49. Ra1 Nd7 50. b4 Bb6 51. b5 Bd8 52. Be3 Bg5 53. Qa5 Qd8 54. Qxd8 Bxd8 55. Bd2
Nb6 56. Bd3 Kg7 57. Ra7 Bg5 58. Bc3 Kg8 59. h4 Bd8 60. Kh2 Bc7 61. Ne3 Bb8 62.
Ra1 Bc7 63. Kg3 Nd7 64. Bd2 Bd8 65. Nd1 Kg7 66. Nc3 Nb6 67. Ra7 g5 68. hxg5 Bxg5
69. Bxg5 hxg5 70. Nd1 Kf6 71. Ne3 Ke7 72. Nf5+ Kd7 73. Ra2 Rh8 74. Kg2 Kc7 75.
Ng3 Bd7 76. Nh5 Kd8 77. Ra7 Kc7 78. Ra1 Kd8 79. Ra7 Bc8 80. Kf2 Kc7 81. Ke2 Nd7
82. Ra1 Kb8 83. Rh1 Kc7 84. Kd2 Nf8 85. Ng3 Rh4 86. Bf1 Ng6 87. Rxh4 gxh4 88.
Ne2 Kb6 89. Kc3 Ka5 90. Kb3 Bd7 91. Ka3 Kb6 92. Kb3 f6 93. Kc3 Ka5 94. Kb3 Nh8
95. Ng1 Nf7 96. Nh3 Ng5 97. Nxg5 fxg5 98. Ka3 Be8 99. Kb3 b6 1/2-1/2

[Event "Sardinia World Open A"]
[Site "Orosei ITA"]
[Date "2026.05.05"]
[Round "3.22"]
[White "Zwirs, Nico"]
[Black "Castellanos Villela, Alejandro"]
[Result "1/2-1/2"]
[WhiteTitle "IM"]
[BlackTitle "FM"]
[WhiteElo "2434"]
[BlackElo "2271"]
[WhiteFideId "1036432"]
[BlackFideId "3446379"]
[EventDate "2026.05.03"]

1. e4 c5 2. Nf3 d6 3. d4 cxd4 4. Nxd4 Nf6 5. Nc3 g6 6. Be3 Nc6 7. f3 h5 8. Bc4
Bd7 9. Bb3 Bg7 10. O-O O-O 11. h3 Nxd4 12. Bxd4 b5 13. a4 bxa4 14. Bxa4 a5 15.
Qd3 Qc7 16. Bxd7 Nxd7 17. Nd5 Bxd4+ 18. Qxd4 Qd8 19. Rfd1 Re8 20. Ra3 Qb8 21.
Rda1 e6 22. Rb3 Qa7 23. Qxa7 Rxa7 24. Ne3 Rc8 25. Rba3 f5 26. exf5 gxf5 27. c3
f4 28. Nd1 Rca8 29. Ra4 e5 30. b4 Kf7 31. Rxa5 Rxa5 32. Rxa5 Rc8 33. Kf2 Ke6 34.
Ra6 Nf6 35. g3 fxg3+ 36. Kxg3 Nd5 37. Ra3 Rg8+ 38. Kh2 Rf8 39. Kg3 Rg8+ 40. Kh2 1/2-1/2

[Event "Sardinia World Open A"]
[Site "Orosei ITA"]
[Date "2026.05.05"]
[Round "3.23"]
[White "Guernier, Antoine"]
[Black "Favaloro, Andrea"]
[Result "0-1"]
[BlackTitle "IM"]
[WhiteElo "2077"]
[BlackElo "2395"]
[WhiteFideId "26062720"]
[BlackFideId "885940"]
[EventDate "2026.05.03"]

1. e4 e5 2. Nc3 Nf6 3. Bc4 Bc5 4. d3 O-O 5. Nf3 d6 6. Na4 Bb6 7. Nxb6 axb6 8.
O-O Be6 9. Bxe6 fxe6 10. c3 Nbd7 11. Re1 Qe7 12. b4 b5 13. Bg5 Ra3 14. Qc2 h6
15. Bc1 Raa8 16. c4 bxc4 17. Qxc4 c6 18. Qb3 Nh5 19. d4 Qf7 20. Be3 exd4 21.
Bxd4 e5 22. Qxf7+ Kxf7 23. Be3 Ra4 24. Red1 Ke6 25. Rd3 Nhf6 26. Nd2 Rxb4 27. f3
Ra8 28. a3 Rba4 29. Rd1 Rxa3 30. Nb3 d5 31. exd5+ Nxd5 32. Bc1 Ra2 33. Re1 g5
34. h4 Kf6 35. hxg5+ hxg5 36. Nd2 Nc5 37. Ne4+ Nxe4 38. fxe4 Nf4 39. Bxf4 gxf4
40. Rd6+ Ke7 0-1

[Event "Sardinia World Open A"]
[Site "Orosei ITA"]
[Date "2026.05.05"]
[Round "3.24"]
[White "Hanein, Avri"]
[Black "Niedbala, Bartlomiej"]
[Result "0-1"]
[BlackTitle "IM"]
[WhiteElo "1971"]
[BlackElo "2378"]
[WhiteFideId "2853744"]
[BlackFideId "21834008"]
[EventDate "2026.05.03"]

1. e4 c6 2. d4 d5 3. e5 Bf5 4. Nf3 e6 5. c3 Ne7 6. Be2 Ng6 7. O-O Nd7 8. Be3 f6
9. exf6 Qxf6 10. Re1 Bd6 11. Bg5 Qf7 12. Bd3 O-O 13. c4 Bxd3 14. Qxd3 e5 15.
cxd5 cxd5 16. Qd2 h6 17. dxe5 Ndxe5 18. Nxe5 Bxe5 19. h4 Rae8 20. h5 Nf4 21. Bh4
Bxb2 22. Rxe8 Rxe8 23. Qxb2 Re1+ 24. Kh2 Qxh5 25. Kg3 Ne2+ 0-1